The norton anthology: (Record no. 4275)
[ view plain ]
| 000 -LEADER | |
|---|---|
| fixed length control field | 00461nam a2200145 4500 |
| 008 - FIXED-LENGTH DATA ELEMENTS--GENERAL INFORMATION | |
| fixed length control field | 150901b xxu||||| |||| 00| 0 eng d |
| 020 ## - INTERNATIONAL STANDARD BOOK NUMBER | |
| International Standard Book Number | 0393972917 |
| 050 ## - LIBRARY OF CONGRESS CALL NUMBER | |
| Classification number | PS 507.N65 2003 |
| 100 ## - MAIN ENTRY--PERSONAL NAME | |
| Personal name | Baym, Nina. |
| Dates associated with a name | 2003 |
| 245 ## - TITLE STATEMENT | |
| Title | The norton anthology: |
| Remainder of title | American literature |
| Statement of responsibility, etc. | Nina Baym, |
| 250 ## - EDITION STATEMENT | |
| Edition statement | 5th ed. |
| 260 ## - PUBLICATION, DISTRIBUTION, ETC. (IMPRINT) | |
| Place of publication, distribution, etc. | London: |
| Name of publisher, distributor, etc. | W.W. Norton & company, |
| Date of publication, distribution, etc. | 2003. |
| 300 ## - PHYSICAL DESCRIPTION | |
| Extent | xxxv,2879p. |
| Other physical details | Includes index. |
| 942 ## - ADDED ENTRY ELEMENTS (KOHA) | |
| Source of classification or shelving scheme | |
| Koha item type | Hard Covered Materials |
| Classification part | PS 507.N67 2003 |
| Withdrawn status | Lost status | Source of classification or shelving scheme | Damaged status | Not for loan | Home library | Current library | Date acquired | Source of acquisition | Total Checkouts | Full call number | Barcode | Date last seen | Price effective from | Koha item type | Shelving location |
|---|---|---|---|---|---|---|---|---|---|---|---|---|---|---|---|
| MACHAKOS UNIVERSITY LIBRARY | MACHAKOS UNIVERSITY LIBRARY | 01/09/2015 | Donation (BFA) | PS 507.N67 2003 | 10008 | 31/05/2019 | 01/09/2015 | Hard Covered Materials | |||||||
| MACHAKOS UNIVERSITY LIBRARY | MACHAKOS UNIVERSITY LIBRARY | 01/09/2015 | Donation (BFA) | PS 507.N67 2008 | 9999 | 11/07/2018 | 01/09/2015 | Hard Covered Materials | Technical section |